| 000 | 00600nam a2200205 i 4500 | ||
|---|---|---|---|
| 001 | 38277 | ||
| 003 | ES-MaACL | ||
| 007 | t| | ||
| 008 | 030225s1983 sp ||||1| spa d | ||
| 100 | 1 |
_aBurgess, Anthony. _932632 |
|
| 245 | 1 | 0 |
_aLiteratura inglesa / _cAnthony Burgess ; [versión de Fernando Toda]. |
| 250 | _a[1ª ed.]. | ||
| 260 |
_aMadrid : _bAlhambra, _c[1983] |
||
| 300 |
_aXI, 283 p. : _bil. ; _c24 cm. |
||
| 490 | 1 | _aAlhambra universidad | |
| 700 | 1 |
_aToda, Fernando. _9110394 |
|
| 830 | 0 |
_aAlhambra universidad _9180698 |
|
| 852 |
_aES-MaACL _jL-5108 _bR.105577 |
||
| 999 |
_c38277 _d38277 |
||